Probability and random processes : using MATLAB with applications to continuous and discrete time systems

Bibliographic Details
Main Author: Childers, Donald G. (Author)
Format: Book
Published: New York : McGraw-Hill , c1997
Subjects:

MARC

LEADER 00000cam a2200000 7i4500
001 0000003593
005 20060405093000.0
008 021118s1997
020 |a 0071161694 
090 0 0 |a QA273.19.E4   |b C47 1997 
100 0 |a Childers, Donald G. ,   |e author 
245 0 0 |a Probability and random processes :   |b using MATLAB with applications to continuous and discrete time systems   |c Donald G. Childers 
260 2 |a New York :   |b McGraw-Hill ,   |c c1997 
300 |a xiii, 433 p. :   |b ill. ; ;   |c 25 cm. 
504 |a Includes bibliographical references (p. 427-428) and index 
630 0 0 |a MATLAB 
650 0 |a Probabilities   |x Data processing 
650 0 |a Stochastic processes   |x Data processing 
999 |a 1000084151   |b Book   |c OPEN SHELF (30 DAYS)   |e Gong Badak Campus